01575nam a2200361 i 4500001001000000003000900010005001700019007000300036008004100039020001500080040003000095041000800125082002200133100005200155245007200207264007600279300002800355336002800383337003300411338002900444490007000473490002800543504003800571590002600609650006500635651005600700710004400756830010300800942001400903952013100917952014801048999001701196000025296DO-SdBNP20250918100538.0ta110214s2001 dr 000 0 spa d a9993483028 aDO-SdBNPbspacBNPHUerda aspa 4a972.93bF825p2221 aFranco, Franklin J.,d1936-eautor4aut.93441713aEl pensamiento dominicano :b1780-1940 /cFranklin Franco Pichardo. 4aSanto Domingo, República Dominicana : bUniversitaria-UASD,c©2001. a362 páginas ;c21 cm. atextobtxt2rdacontent  asin mediaciónbn2rdamedia avolumen bnc2rdacarrier1 aPublicaciones de la Universidad Autónoma de Santo Domingov10051 aHistoria y sociedadv96 aBibliografía: páginas 359-362 aInventariado, 2023/BT 7aAutores dominicanosxPensamiento político y social 988571 7aRepública DominicanaxHistoria y1780-19409886362 aUniversidad Autónoma de Santo Domingo 0aPublicaciones de la Universidad Autónoma de Santo Domingon1005951820pHistoria y sociedad ; 96 2ddccLBS1 00102ddc51708PDaBNPHUbBNPHUcHDd2011-02-14eDonacióno BNPHU PD 972.93 F825p p25296-10r2020-06-25w2020-06-25yLBS1 00102ddc51708PDaBNPHUbBNPHUcHDd2023-02-06eDonado por Ubi Rivasl0oBNPHU PD 972.93 F825pp2023-0703r2023-02-06te.2w2023-02-06yLBS1 c24789d24789